|
|
|
|
| LEADER |
00000cam a2200000 7i4500 |
| 001 |
0000006518 |
| 005 |
20021119093000.0 |
| 008 |
021119n |
| 020 |
|
|
|a 0070073813
|
| 050 |
0 |
0 |
|a HG4026
|b .D35
|
| 090 |
0 |
0 |
|a HG4035
|b .D35
|
| 100 |
0 |
|
|a D'Ambrosio, Charles A. ,
|e author
|
| 245 |
0 |
0 |
|a Study guide to accompany Brealey and Myers principles of corporate finance
|c Charles A. D'Ambrosio
|
| 260 |
2 |
|
|a New York :
|b McGraw-Hill ,
|c 1981
|
| 300 |
|
|
|a 321 p. ; ;
|c 23 cm.
|
| 650 |
|
0 |
|a Corporations
|x Finance
|x Outlines, syllabi, etc.
|
| 650 |
|
0 |
|a Corporations
|x Finance
|x Problems, exercises, etc.
|
| 700 |
0 |
|
|a Hodges, Stewart D. ,
|e author
|
| 999 |
|
|
|a 1000018001
|b Book
|c OPEN SHELF (30 DAYS)
|e Gong Badak Campus
|